[Event "C.to Regionale Veneto"]
[Site "Arqua' Petrarca ITA"]
[Date "2002.05.??"]
[Round "1"]
[White "Cacco, Christian"]
[Black "Zuccarello, Gianni"]
[Result "1/2-1/2"]
[WhiteElo "2251"]
[BlackElo "1600"]
[PlyCount "61"]
[EventDate "2002.05.04"]

1. d4 Nf6 2. Nf3 d5 3. c4 e6 4. Nc3 Bb4 5. Bg5 Nbd7 6. e3 O-O 7. cxd5 exd5 8.
Bd3 h6 9. Bh4 a6 10. O-O Be7 11. Bg3 b6 12. Rc1 c5 13. h3 c4 14. Bb1 b5 15. e4
dxe4 16. Nxe4 Bb7 17. Re1 Re8 18. Nc3 Bb4 19. Ne5 Ba5 20. b4 Bxb4 21. Qc2 Nf8
22. Rcd1 Nd5 23. Nxd5 Qxd5 24. f3 Bxe1 25. Bxe1 Qd6 26. Qf5 Qf6 27. Qh5 Rac8
28. Bh4 Qf4 29. Bg3 Qf6 30. Bh4 Qf4 31. Bg3 1/2-1/2

[Event "C.to Regionale Veneto"]
[Site "Arqua' Petrarca ITA"]
[Date "2002.05.??"]
[Round "1"]
[White "Di Giacomo, Antonio"]
[Black "Danieli, Enrico"]
[Result "0-1"]
[WhiteElo "1585"]
[BlackElo "2115"]
[PlyCount "62"]
[EventDate "2002.05.04"]

1. d4 Nf6 2. c4 e6 3. Nc3 d5 4. Nf3 Be7 5. cxd5 exd5 6. e3 O-O 7. Bd3 c6 8. Ne5
Re8 9. O-O Nbd7 10. Bd2 Nf8 11. Rc1 Bd6 12. f4 Ne6 13. Be1 c5 14. Bh4 Be7 15.
Bxf6 Bxf6 16. Bxh7+ Kf8 17. Qf3 g6 18. Nxd5 Kg7 19. Ng4 Nxd4 20. exd4 Bxg4 21.
Qxg4 Bxd4+ 22. Kh1 Qxd5 23. Bxg6 fxg6 24. f5 Qc6 25. Rcd1 Re4 26. f6+ Bxf6 27.
Rd7+ Re7 28. Rd3 Qe4 29. Qd1 Rh8 30. Rxf6 Kxf6 31. Rf3+ Kg7 0-1

[Event "C.to Regionale Veneto"]
[Site "Arqua' Petrarca ITA"]
[Date "2002.05.??"]
[Round "1"]
[White "Maniero, Andrea"]
[Black "Sartori, Spartaco"]
[Result "0-1"]
[WhiteElo "1600"]
[BlackElo "2262"]
[PlyCount "36"]
[EventDate "2002.05.04"]

1. e4 e6 2. d4 d5 3. Nc3 Bb4 4. a3 Bxc3+ 5. bxc3 dxe4 6. Qg4 Nf6 7. Qxg7 Rg8 8.
Qh6 c5 9. Ne2 Nc6 10. Qd2 e5 11. dxc5 Qa5 12. Ng3 Bg4 13. Bb2 Rd8 14. Qe3 Nd4
15. Qc1 Ne6 16. Be2 Bxe2 17. Kxe2 Nf4+ 18. Kf1 Rxg3 0-1

[Event "C.to Regionale Veneto"]
[Site "Arqua' Petrarca ITA"]
[Date "2002.05.??"]
[Round "1"]
[White "Opacic, Alexandar"]
[Black "Busa', Michele"]
[Result "1-0"]
[WhiteElo "2098"]
[BlackElo "1543"]
[PlyCount "37"]
[EventDate "2002.05.04"]

1. e4 g6 2. d4 Bg7 3. Nc3 d6 4. Be3 Nf6 5. f3 O-O 6. Qd2 Re8 7. O-O-O c6 8. g4
b5 9. h4 a5 10. h5 a4 11. hxg6 fxg6 12. Kb1 Kf7 13. Nh3 Rh8 14. Ng5+ Kg8 15. e5
dxe5 16. dxe5 Qxd2 17. Rxd2 Nfd7 18. e6 Ne5 19. Rd8+ 1-0

[Event "C.to Regionale Veneto"]
[Site "Arqua' Petrarca ITA"]
[Date "2002.05.??"]
[Round "1"]
[White "Quaranta, Gaetano"]
[Black "Navarro, Stefano"]
[Result "0-1"]
[WhiteElo "1588"]
[BlackElo "2148"]
[PlyCount "70"]
[EventDate "2002.05.04"]

1. d4 d5 2. Nf3 e6 3. e3 Nf6 4. Bd3 Nbd7 5. O-O Bd6 6. c4 c6 7. Nc3 O-O 8. Qc2
dxc4 9. Bxc4 b5 10. Bd3 Bb7 11. e4 e5 12. d5 Rc8 13. dxc6 Bxc6 14. Qd1 Nc5 15.
Bxb5 Ncxe4 16. Nxe4 Bxe4 17. Bg5 Bb7 18. Rc1 Rxc1 19. Bxc1 Qb8 20. Bc4 e4 21.
Nd2 Bxh2+ 22. Kh1 Bf4 23. Qc2 Qa8 24. Rg1 Ng4 25. Nf1 Bxc1 26. Qxc1 Nxf2+ 27.
Kh2 Ng4+ 28. Kh1 Qd8 29. Qe1 Qd4 30. b3 Nf2+ 31. Kh2 Qe5+ 32. Ng3 Ng4+ 33. Kh1
Qg5 34. Nf1 Qh5+ 35. Nh2 Qxh2# 0-1

[Event "C.to Regionale Veneto"]
[Site "Arqua' Petrarca ITA"]
[Date "2002.05.??"]
[Round "1"]
[White "Rossato, Armando"]
[Black "Stiz, Massimiliano"]
[Result "1-0"]
[WhiteElo "2169"]
[BlackElo "1591"]
[PlyCount "75"]
[EventDate "2002.05.04"]

1. d4 Nf6 2. Nf3 c5 3. e3 g6 4. c3 b6 5. Bd3 Bb7 6. Nbd2 Bg7 7. O-O O-O 8. b4
d6 9. bxc5 dxc5 10. Ba3 Nc6 11. Qe2 cxd4 12. cxd4 Nd5 13. Rac1 Re8 14. Bb5 Rc8
15. g3 e6 16. Nc4 Bf8 17. Bxf8 Rxf8 18. e4 Nc7 19. Bxc6 Bxc6 20. Nxb6 Bb5 21.
Nc4 Ne8 22. a4 Ba6 23. Qa2 Nd6 24. Nxd6 Qxd6 25. Rfe1 Rc7 26. e5 Qd7 27. d5
Rxc1 28. Rxc1 exd5 29. Nd4 Bc4 30. Qa3 Re8 31. f4 a6 32. Qe3 Qe7 33. Rb1 Kh8
34. Rb6 g5 35. e6 gxf4 36. Qxf4 fxe6 37. Rxe6 Qf8 38. Qe5+ 1-0

[Event "C.to Regionale Veneto"]
[Site "Arqua' Petrarca ITA"]
[Date "2002.05.??"]
[Round "1"]
[White "Vianello, Enrico"]
[Black "Calicchia, Giovanni"]
[Result "1-0"]
[WhiteElo "2136"]
[BlackElo "1585"]
[PlyCount "73"]
[EventDate "2002.05.04"]

1. d4 Nf6 2. Bg5 g6 3. Bxf6 exf6 4. e3 Bg7 5. c4 c5 6. Nc3 cxd4 7. Qxd4 O-O 8.
Nge2 Nc6 9. Qd2 f5 10. b3 Qa5 11. g3 d6 12. Bg2 Be6 13. O-O Rad8 14. Rac1 a6
15. Rfd1 Qc7 16. Nd5 Qb8 17. b4 Rfe8 18. b5 axb5 19. cxb5 Ne5 20. Qb4 Kh8 21.
Nc7 Re7 22. b6 Bxa2 23. Ra1 Nc6 24. Bxc6 Bxa1 25. Rxa1 bxc6 26. Rxa2 Rxc7 27.
bxc7 Qxc7 28. Qd4+ Kg8 29. Nf4 Qb7 30. Ra7 Qb1+ 31. Kg2 Qe4+ 32. Qxe4 fxe4 33.
Rc7 c5 34. Nd5 h5 35. Nf6+ Kg7 36. Nxe4 d5 37. Nxc5 1-0

[Event "C.to Regionale Veneto"]
[Site "Arqua' Petrarca ITA"]
[Date "2002.05.??"]
[Round "2"]
[White "Belloni, Umberto"]
[Black "Rossato, Armando"]
[Result "0-1"]
[WhiteElo "1662"]
[BlackElo "2169"]
[PlyCount "84"]
[EventDate "2002.05.04"]

1. e4 e5 2. Nf3 d5 3. d3 dxe4 4. dxe4 Qxd1+ 5. Kxd1 Nc6 6. Bd3 Bg4 7. Be3 O-O-O
8. Ke2 Nd4+ 9. Bxd4 exd4 10. h3 Bh5 11. g4 Bg6 12. Nh4 Nf6 13. Nxg6 hxg6 14.
Nd2 Bd6 15. Nc4 Rhe8 16. Nxd6+ Rxd6 17. Kf3 Nd7 18. Kg3 Nc5 19. f3 Rb6 20. b3
Nxd3 21. cxd3 Rc6 22. Rhc1 Ree6 23. Kf2 g5 24. Ke2 Rh6 25. Rxc6 Rxc6 26. Kd2
Kd7 27. Rh1 Rh6 28. Ke2 Ra6 29. Ra1 Kd6 30. Kf2 Rc6 31. Kg3 Ke5 32. Rd1 Rc2 33.
a4 c5 34. a5 Rc3 35. a6 b6 36. h4 gxh4+ 37. Kxh4 Kf4 38. g5 Rc2 39. Kh3 Rf2 40.
Rg1 Rxf3+ 41. Kh4 Rxd3 42. Rg4+ Ke5 0-1

[Event "C.to Regionale Veneto"]
[Site "Arqua' Petrarca ITA"]
[Date "2002.05.??"]
[Round "2"]
[White "Caruso, Augusto"]
[Black "Pomaro, Stefano"]
[Result "1-0"]
[WhiteElo "2251"]
[BlackElo "1626"]
[PlyCount "47"]
[EventDate "2002.05.04"]

1. e4 c6 2. d4 d5 3. Nc3 dxe4 4. Nxe4 Nf6 5. Ng3 e5 6. Nf3 Bg4 7. dxe5 Qxd1+ 8.
Kxd1 Nfd7 9. Bf4 Be7 10. Ne4 O-O 11. Kc1 Bxf3 12. gxf3 Nc5 13. Nxc5 Bxc5 14.
Be3 Nd7 15. f4 Rad8 16. c3 Bxe3+ 17. fxe3 Nc5 18. Kc2 Ne4 19. Re1 Rd2+ 20. Kc1
Rfd8 21. Be2 Kf8 22. Rd1 Ke7 23. Rxd2 Rxd2 24. Bf3 1-0

[Event "C.to Regionale Veneto"]
[Site "Arqua' Petrarca ITA"]
[Date "2002.05.??"]
[Round "2"]
[White "Cedriano, Filippo"]
[Black "Opacic, Alexandar"]
[Result "1/2-1/2"]
[WhiteElo "1624"]
[BlackElo "2098"]
[PlyCount "76"]
[EventDate "2002.05.04"]

1. e4 c5 2. Nf3 e6 3. d4 cxd4 4. Nxd4 a6 5. c4 Qc7 6. Nc3 Nc6 7. Nxc6 dxc6 8.
Qg4 e5 9. Qg3 Nf6 10. Be2 h5 11. h4 Be6 12. Bd2 O-O-O 13. O-O-O Bc5 14. Be3 Bd4
15. Bxd4 exd4 16. Qxc7+ Kxc7 17. e5 dxc3 18. exf6 cxb2+ 19. Kxb2 gxf6 20. Kc3
Rdg8 21. g3 Bg4 22. Rd2 Bxe2 23. Rxe2 Re8 24. Rhe1 Rxe2 25. Rxe2 Kd6 26. Rd2+
Kc5 27. Rd7 b5 28. cxb5 axb5 29. Rxf7 Rh6 30. a3 Kd5 31. Kb4 Ke4 32. Kc5 Kf3
33. Kxc6 Kxf2 34. Rg7 Rh8 35. Kxb5 Rb8+ 36. Kc4 Ra8 37. Kb4 Rb8+ 38. Kc4 Ra8
1/2-1/2

[Event "C.to Regionale Veneto"]
[Site "Arqua' Petrarca ITA"]
[Date "2002.05.??"]
[Round "2"]
[White "Minati, Donato"]
[Black "Cacco, Christian"]
[Result "0-1"]
[WhiteElo "1512"]
[BlackElo "2251"]
[PlyCount "60"]
[EventDate "2002.05.04"]

1. c4 g6 2. Nc3 Bg7 3. g3 f5 4. Bg2 Nf6 5. e3 e5 6. Nge2 O-O 7. d4 e4 8. O-O d6
9. Rb1 a5 10. b3 Be6 11. Qc2 Na6 12. a3 Bf7 13. Bb2 Qe7 14. h3 c6 15. Rfc1 Rfb8
16. Qd2 b5 17. cxb5 cxb5 18. Ba1 b4 19. axb4 Nxb4 20. Na4 Nd3 21. Rc3 Nd5 22.
Rxd3 exd3 23. Qxd3 Ra7 24. Qd1 Rc7 25. Nec3 Nb4 26. Qd2 h6 27. Ne2 Rc2 28. Qe1
Qc7 29. Kh2 Nd3 30. Qd1 Nxf2 0-1

[Event "C.to Regionale Veneto"]
[Site "Arqua' Petrarca ITA"]
[Date "2002.05.??"]
[Round "2"]
[White "Navarro, Stefano"]
[Black "Baracchi, Leonardo"]
[Result "1/2-1/2"]
[WhiteElo "2148"]
[BlackElo "1600"]
[PlyCount "45"]
[EventDate "2002.05.04"]

1. e4 e5 2. Nf3 Nc6 3. Bc4 Bc5 4. c3 Qe7 5. O-O d6 6. d4 Bb6 7. d5 Nb8 8. a4 a6
9. h3 h6 10. Na3 f5 11. exf5 Bxf5 12. Be3 Nd7 13. Nc2 g5 14. Nh2 Ngf6 15. a5
Bxe3 16. fxe3 Qh7 17. Nb4 h5 18. Be2 g4 19. h4 O-O-O 20. Nxa6 Bc2 21. Qd2 bxa6
22. Bxa6+ Kb8 23. b4 1/2-1/2

[Event "C.to Regionale Veneto"]
[Site "Arqua' Petrarca ITA"]
[Date "2002.05.??"]
[Round "2"]
[White "Sartori, Spartaco"]
[Black "Trangoni, Bruno"]
[Result "1-0"]
[WhiteElo "2262"]
[BlackElo "1671"]
[PlyCount "69"]
[EventDate "2002.05.04"]

1. c4 f5 2. g3 Nf6 3. Bg2 g6 4. Nf3 Bg7 5. O-O O-O 6. Nc3 c6 7. d4 d6 8. d5 e5
9. dxe6 Bxe6 10. Qd3 Na6 11. Ng5 Bc8 12. Bf4 h6 13. Nh3 Ne8 14. Rad1 Nc5 15.
Qe3 Ne4 16. Nxe4 fxe4 17. Bxh6 Be6 18. Bxg7 Nxg7 19. Qxe4 Bf5 20. Qd4 Qa5 21.
a3 Rad8 22. Ng5 Ne6 23. Qh4 Kg7 24. Qh7+ Kf6 25. Nxe6 Bxe6 26. Rd4 Rf7 27. Qh6
Qg5 28. Rf4+ Bf5 29. Qxg5+ Kxg5 30. h4+ Kh6 31. Bh3 Re7 32. Bxf5 gxf5 33. e3
Re5 34. Rd1 d5 35. Rfd4 1-0

[Event "C.to Regionale Veneto"]
[Site "Arqua' Petrarca ITA"]
[Date "2002.05.??"]
[Round "2"]
[White "Solinas, Carlo"]
[Black "Cipolotti, Piersilvio"]
[Result "1-0"]
[WhiteElo "2058"]
[BlackElo "1455"]
[PlyCount "63"]
[EventDate "2002.05.04"]

1. e4 Nc6 2. Nf3 d6 3. d4 Nf6 4. Nc3 Bg4 5. d5 Nb8 6. h3 Bxf3 7. Qxf3 a6 8. g4
Nbd7 9. g5 Ne5 10. Qg2 Nfd7 11. f4 Ng6 12. h4 e5 13. dxe6 fxe6 14. h5 Ne7 15.
Qg4 e5 16. Bh3 Nc6 17. f5 Nd4 18. O-O Rg8 19. h6 Be7 20. Kh1 Nf6 21. gxf6 Bxf6
22. Nd5 Nxc2 23. Qh5+ Kd7 24. Qf7+ Kc8 25. Bd2 Nxa1 26. Rc1 c6 27. Be3 Kb8 28.
Bb6 Rf8 29. Qe6 Re8 30. Nxf6 Rxe6 31. Bxd8 Rxf6 32. hxg7 1-0

[Event "C.to Regionale Veneto"]
[Site "Arqua' Petrarca ITA"]
[Date "2002.05.??"]
[Round "2"]
[White "Zavagli, Massimo"]
[Black "Vianello, Enrico"]
[Result "0-1"]
[WhiteElo "1642"]
[BlackElo "2136"]
[PlyCount "100"]
[EventDate "2002.05.04"]

1. d4 d5 2. c4 c6 3. cxd5 cxd5 4. Nc3 Nf6 5. Nf3 Nc6 6. Bf4 a6 7. e3 Bf5 8. Bd3
Bg6 9. O-O e6 10. Ne5 Be7 11. Rc1 O-O 12. Bxg6 hxg6 13. Nxc6 bxc6 14. Na4 Rc8
15. Bg5 Qa5 16. Bxf6 gxf6 17. a3 Qb5 18. b4 a5 19. Nc5 axb4 20. a4 Qa5 21. Qb3
Ra8 22. Rc2 Bxc5 23. Rxc5 Qxa4 24. Qxa4 Rxa4 25. Rxc6 Rb8 26. Rb1 b3 27. Rcc1
b2 28. Re1 Rc4 29. Kf1 e5 30. dxe5 fxe5 31. Red1 Rb5 32. Ke2 Kf8 33. Rd2 Rcb4
34. f3 Ke7 35. Rc2 Kd6 36. Kd3 f5 37. Kc3 Rb3+ 38. Kd2 d4 39. exd4 exd4 40. h4
Ke5 41. Rc6 Rb6 42. Rxb6 Rxb6 43. g4 Kf4 44. h5 gxh5 45. gxh5 Kxf3 46. Kd3 Kg4
47. h6 Rxh6 48. Rxb2 Rd6 49. Rb8 Kf3 50. Re8 f4 0-1

[Event "C.to Regionale Veneto"]
[Site "Arqua' Petrarca ITA"]
[Date "2002.05.??"]
[Round "3"]
[White "Cacco, Christian"]
[Black "Valentini, Luca"]
[Result "1-0"]
[WhiteElo "2251"]
[BlackElo "1785"]
[PlyCount "83"]
[EventDate "2002.05.04"]

1. d4 Nf6 2. Nf3 g6 3. g3 Bg7 4. Bg2 O-O 5. O-O d6 6. Nbd2 c6 7. b3 Qc7 8. Bb2
Nbd7 9. e4 b6 10. Qe2 e5 11. dxe5 Nxe5 12. Nd4 Bb7 13. c4 Rfe8 14. Rfe1 Rad8
15. f4 Ned7 16. Qf1 a6 17. Rab1 c5 18. Nc2 Qb8 19. Qd3 Qa8 20. Re2 Re7 21. Ba1
Rde8 22. Rbe1 Qb8 23. Na3 Qc7 24. Nab1 Qb8 25. Nc3 Qc7 26. Bf3 Qb8 27. a4 Qc7
28. Nd1 Qb8 29. Nf2 Qc7 30. Bc3 a5 31. Bb2 Bc6 32. Nb1 Nb8 33. Rd1 Rd7 34. Nc3
Na6 35. Qb1 Nb4 36. Qa1 Qd8 37. Na2 Nxa2 38. Qxa2 Ree7 39. Qa1 Ne8 40. Bxg7
Nxg7 41. Ng4 Ne8 42. Nh6+ 1-0

[Event "C.to Regionale Veneto"]
[Site "Arqua' Petrarca ITA"]
[Date "2002.05.??"]
[Round "3"]
[White "Cipolotti, Piersilvio"]
[Black "Belloni, Umberto"]
[Result "0-1"]
[WhiteElo "1455"]
[BlackElo "1662"]
[PlyCount "106"]
[EventDate "2002.05.04"]

1. Nf3 d5 2. g3 Nf6 3. Bg2 Bf5 4. O-O e6 5. d3 Nbd7 6. Nbd2 c6 7. Qe1 Qc7 8. e4
dxe4 9. dxe4 Bg6 10. Nh4 O-O-O 11. a4 Be7 12. Nc4 Ne8 13. Nxg6 hxg6 14. b4 Nd6
15. Nxd6+ Bxd6 16. c4 Be5 17. Ra2 Bd4 18. Be3 Ne5 19. Bf4 f6 20. Rd2 g5 21. Be3
Bxe3 22. Rxd8+ Rxd8 23. Qxe3 Qb6 24. Qxb6 axb6 25. Rc1 Rd4 26. b5 c5 27. Ra1
Nxc4 28. f4 gxf4 29. gxf4 Kd7 30. e5 fxe5 31. fxe5 Ne3 32. Bxb7 Rd1+ 33. Rxd1+
Nxd1 34. Be4 Nb2 35. Bc2 Nc4 36. Kf2 Nxe5 37. Kg3 Ke7 38. Kf4 Kf6 39. h4 Nc4
40. Bb3 Nd6 41. Bc2 e5+ 42. Kf3 c4 43. Ke3 Ke6 44. Bb1 Kd5 45. Bc2 Kc5 46. Ke2
Kd4 47. Kd2 e4 48. Bd1 Nb7 49. Bc2 Nc5 50. Bd1 Nb3+ 51. Bxb3 cxb3 52. a5 e3+
53. Ke2 bxa5 0-1

[Event "C.to Regionale Veneto"]
[Site "Arqua' Petrarca ITA"]
[Date "2002.05.??"]
[Round "3"]
[White "Marson, Luca"]
[Black "Sartori, Spartaco"]
[Result "0-1"]
[WhiteElo "1732"]
[BlackElo "2262"]
[PlyCount "62"]
[EventDate "2002.05.04"]

1. e4 e6 2. d4 d5 3. e5 c5 4. Qg4 cxd4 5. Nf3 Nc6 6. Bd3 Qc7 7. Qg3 Nb4 8. O-O
Nxc2 9. Bxc2 Qxc2 10. Nxd4 Qa4 11. Be3 Bd7 12. Nc3 Qa6 13. a4 Nh6 14. Ncb5 Bxb5
15. Nxb5 Rc8 16. Rfc1 Rxc1+ 17. Rxc1 Qxa4 18. Nd6+ Bxd6 19. Bxh6 Bf8 20. Qc3
Qd7 21. Bg5 Be7 22. Qc8+ Bd8 23. Bxd8 Qxd8 24. Qxb7 O-O 25. Qxa7 Qg5 26. Qc7 h5
27. b4 Ra8 28. g3 Ra2 29. f4 Qg4 30. Qd8+ Kh7 31. Qh4 Qf3 0-1

[Event "C.to Regionale Veneto"]
[Site "Arqua' Petrarca ITA"]
[Date "2002.05.??"]
[Round "3"]
[White "Sanavio, Giancarlo"]
[Black "Solinas, Carlo"]
[Result "0-1"]
[WhiteElo "1648"]
[BlackElo "2058"]
[PlyCount "28"]
[EventDate "2002.05.04"]

1. Nf3 f5 2. c4 Nf6 3. Nc3 e6 4. g3 Be7 5. Bg2 O-O 6. O-O d6 7. d4 Qe8 8. Re1
Qg6 9. Nh4 Qf7 10. Qc2 Ne4 11. Nf3 Qg6 12. d5 e5 13. Nxe4 fxe4 14. Nd2 e3 0-1

[Event "C.to Regionale Veneto"]
[Site "Arqua' Petrarca ITA"]
[Date "2002.05.??"]
[Round "4"]
[White "Belloni, Umberto"]
[Black "Liguori, Michele"]
[Result "1/2-1/2"]
[WhiteElo "1662"]
[BlackElo "1600"]
[PlyCount "86"]
[EventDate "2002.05.04"]

1. e4 c6 2. d4 d5 3. exd5 cxd5 4. Bd3 Nc6 5. c3 Nf6 6. h3 e5 7. dxe5 Nxe5 8.
Bc2 Bc5 9. Nf3 Nxf3+ 10. Qxf3 Qe7+ 11. Qe2 Qxe2+ 12. Kxe2 O-O 13. Re1 Re8+ 14.
Kf1 Rxe1+ 15. Kxe1 Bd7 16. Be3 Re8 17. Kd2 Bxe3+ 18. fxe3 Ne4+ 19. Bxe4 dxe4
20. Na3 Rd8 21. Ke2 Be6 22. c4 Kf8 23. Rd1 Rxd1 24. Kxd1 a6 25. Kd2 Ke7 26. Kc3
f5 27. Kd4 Kf6 28. h4 Bd7 29. b4 Kg6 30. Kc5 Kh5 31. Kd6 Ba4 32. Ke5 Kg4 33.
Nb1 g6 34. Nc3 Bc2 35. a4 Kg3 36. c5 Kxg2 37. b5 axb5 38. axb5 Bd3 39. b6 Ba6
40. Kf4 Kf2 41. Nd5 Bb5 42. Nb4 Bd7 43. Nd5 h6 1/2-1/2

[Event "C.to Regionale Veneto"]
[Site "Arqua' Petrarca ITA"]
[Date "2002.05.??"]
[Round "4"]
[White "Caruso, Augusto"]
[Black "Vianello, Enrico"]
[Result "1-0"]
[WhiteElo "2251"]
[BlackElo "2136"]
[PlyCount "59"]
[EventDate "2002.05.04"]

1. e4 c5 2. Nf3 Nc6 3. d4 cxd4 4. Nxd4 Nf6 5. Nc3 e5 6. Ndb5 d6 7. Bg5 a6 8.
Na3 b5 9. Bxb5 axb5 10. Naxb5 Ba6 11. Bxf6 gxf6 12. Qd5 Qd7 13. O-O Be7 14.
Rfd1 Rd8 15. a4 O-O 16. Qd2 f5 17. Nd5 Bxb5 18. axb5 Nd4 19. b6 Ra8 20. Rxa8
Rxa8 21. c3 Nc6 22. exf5 Qxf5 23. Nxe7+ Nxe7 24. Qxd6 Qe6 25. b7 Rf8 26. b8=Q
Rxb8 27. Qxb8+ Kg7 28. Qd6 Qg4 29. Qxe5+ Kh6 30. Qe3+ 1-0

[Event "C.to Regionale Veneto"]
[Site "Arqua' Petrarca ITA"]
[Date "2002.05.??"]
[Round "4"]
[White "Danieli, Enrico"]
[Black "Chinello, Gianmarco"]
[Result "1-0"]
[WhiteElo "2115"]
[BlackElo "1600"]
[PlyCount "45"]
[EventDate "2002.05.04"]

1. d4 Nf6 2. Nf3 d5 3. e3 e6 4. Bd3 b6 5. O-O c5 6. b3 Nc6 7. Bb2 Bd6 8. Nbd2
Bb7 9. Ne5 Bxe5 10. dxe5 Nd7 11. f4 O-O 12. Qh5 g6 13. Qh6 Re8 14. a3 Qc8 15.
f5 gxf5 16. Rxf5 exf5 17. Bxf5 Nf8 18. Bxc8 Raxc8 19. e6 Nxe6 20. Qf6 Kf8 21.
Rf1 Rc7 22. Rf3 d4 23. Rh3 1-0

[Event "C.to Regionale Veneto"]
[Site "Arqua' Petrarca ITA"]
[Date "2002.05.??"]
[Round "4"]
[White "Navarro, Stefano"]
[Black "Zotti, Enrico"]
[Result "1-0"]
[WhiteElo "2148"]
[BlackElo "2055"]
[PlyCount "73"]
[EventDate "2002.05.04"]

1. e4 c5 2. Nf3 Nc6 3. d4 cxd4 4. Nxd4 Nf6 5. Nc3 d6 6. Be3 e5 7. Nb3 Be6 8.
Qd2 Be7 9. O-O-O O-O 10. f3 Bxb3 11. cxb3 Qa5 12. Kb1 Rfd8 13. Bc4 a6 14. Qf2
Nd7 15. Nd5 b5 16. b4 Nxb4 17. Nxe7+ Kf8 18. a3 Kxe7 19. axb4 Qxb4 20. Bd5 Rac8
21. Bg5+ f6 22. Be3 Nc5 23. Bxc5 Rxc5 24. Qh4 Qa4 25. Qxh7 Qc2+ 26. Ka1 Qa4+
27. Ba2 Rd7 28. Qxg7+ Kd8 29. Qxf6+ Kc7 30. Rc1 b4 31. Rxc5+ dxc5 32. Qxe5+ Kb7
33. Qe6 c4 34. Qxc4 Rd1+ 35. Rxd1 Qxd1+ 36. Bb1 Qa4+ 37. Qa2 1-0

[Event "C.to Regionale Veneto"]
[Site "Arqua' Petrarca ITA"]
[Date "2002.05.??"]
[Round "4"]
[White "Pechy, Alaster"]
[Black "Opacic, Alexandar"]
[Result "1-0"]
[WhiteElo "1840"]
[BlackElo "2098"]
[PlyCount "84"]
[EventDate "2002.05.04"]

1. d4 Nf6 2. c4 g6 3. Nc3 Bg7 4. e4 d6 5. f3 O-O 6. Be3 c6 7. Nge2 e5 8. Qd2
Re8 9. d5 Na6 10. g4 cxd5 11. cxd5 Rb8 12. Ng3 Nb4 13. O-O-O a5 14. Kb1 Bd7 15.
h4 b5 16. h5 Re7 17. Qh2 Bh8 18. Bg5 Na6 19. Qh4 b4 20. Nce2 Ba4 21. b3 Rbb7
22. Nc1 Nc5 23. Bc4 Be8 24. Nd3 Nxd3 25. Rxd3 a4 26. Rd2 axb3 27. Bxb3 Rbc7 28.
Rc1 Rc3 29. Rdc2 Rec7 30. Bd2 Rxc2 31. Rxc2 Rxc2 32. Bxc2 Qb6 33. Qh2 Bg7 34.
Qe2 Bb5 35. Qe1 gxh5 36. gxh5 b3 37. axb3 Kf8 38. h6 Bh8 39. Nf5 Bd7 40. Ba5
Qb8 41. Nxd6 Ne8 42. Nxe8 Kxe8 1-0

[Event "C.to Regionale Veneto"]
[Site "Arqua' Petrarca ITA"]
[Date "2002.05.??"]
[Round "4"]
[White "Sartori, Spartaco"]
[Black "Rossato, Armando"]
[Result "0-1"]
[WhiteElo "2262"]
[BlackElo "2169"]
[PlyCount "100"]
[EventDate "2002.05.04"]

1. c4 e5 2. Nc3 d6 3. Nf3 f5 4. d4 e4 5. Bg5 Nf6 6. Nd2 c6 7. e3 Be7 8. Be2
Nbd7 9. b4 O-O 10. h4 Kh8 11. h5 d5 12. c5 Ne8 13. Bf4 Nc7 14. Bf1 Ne6 15. Ne2
b6 16. g3 Ba6 17. Nb3 Bc4 18. Nd2 Bd3 19. Nc3 Bxf1 20. Kxf1 b5 21. Nb3 Nxf4 22.
gxf4 Rf6 23. Ne2 Rh6 24. Ng3 Qf8 25. a4 g5 26. axb5 cxb5 27. fxg5 Bxg5 28. f4
exf3 29. Qxf3 Re6 30. Qxd5 Rxe3 31. Qxd7 Rxb3 32. Rg1 Bh4 33. Qd6 Re8 34. Qf4
Qe7 35. d5 Bxg3 36. Qd4+ Be5 37. Qd1 Bxa1 38. Qxa1+ Qe5 39. Qxe5+ Rxe5 40. Kf2
Rxb4 41. Rd1 Re8 42. d6 Rc4 43. Rd5 Rd8 44. Ke3 b4 45. Kd3 Rc3+ 46. Kd2 a5 47.
Rxf5 a4 48. Rf4 Rxc5 49. Rxb4 Rxd6+ 50. Ke3 Ra5 0-1

[Event "C.to Regionale Veneto"]
[Site "Arqua' Petrarca ITA"]
[Date "2002.05.??"]
[Round "4"]
[White "Solinas, Carlo"]
[Black "Cacco, Christian"]
[Result "1-0"]
[WhiteElo "2058"]
[BlackElo "2251"]
[PlyCount "69"]
[EventDate "2002.05.04"]

1. e4 g6 2. d4 Bg7 3. Nc3 c6 4. Bc4 b5 5. Bb3 d6 6. Qf3 e6 7. Bf4 Qc7 8. O-O-O
b4 9. Na4 Ne7 10. Qg3 e5 11. dxe5 dxe5 12. Be3 Nd7 13. Nc5 Nf6 14. f3 O-O 15.
h4 Nh5 16. Qh2 a5 17. Ne2 a4 18. Bc4 b3 19. a3 bxc2 20. Kxc2 Ra5 21. Kb1 Kh8
22. g4 Nf4 23. Nxf4 exf4 24. Bxf4 Qb6 25. Nd7 Bxd7 26. Bc7 Qc5 27. Bxa5 Nd5 28.
exd5 Qxa5 29. h5 h6 30. hxg6 Qc5 31. Qf4 cxd5 32. Rxh6+ Kg8 33. Bxd5 Be6 34.
gxf7+ Rxf7 35. Bxe6 1-0

[Event "C.to Regionale Veneto"]
[Site "Arqua' Petrarca ITA"]
[Date "2002.05.??"]
[Round "5"]
[White "Cedriano, Filippo"]
[Black "Solinas, Carlo"]
[Result "1-0"]
[WhiteElo "1624"]
[BlackElo "2058"]
[PlyCount "106"]
[EventDate "2002.05.04"]

1. e4 e5 2. Nf3 Nc6 3. Bc4 Nf6 4. d3 Be7 5. O-O O-O 6. Nc3 d6 7. h3 Na5 8. Bb3
Nxb3 9. axb3 c5 10. Bg5 Be6 11. Bxf6 Bxf6 12. Nd5 Bxd5 13. exd5 g6 14. Ra4 Bg7
15. Rg4 f5 16. Rg3 Bh6 17. h4 Bf4 18. Rh3 h5 19. Nd2 Qf6 20. g3 Bxd2 21. Qxd2
f4 22. f3 Qf5 23. Qg2 Kh7 24. g4 Qf7 25. c4 Rg8 26. Qe2 Raf8 27. Kh2 Rg7 28.
Qe4 Kh8 29. Qe2 Qc7 30. Qd2 Qd7 31. Rg1 Rfg8 32. g5 Qf5 33. Ra1 Ra8 34. Kg2 Qd7
35. Rhh1 Rf7 36. Kh2 Rf5 37. Rhg1 Rff8 38. Ra5 a6 39. Raa1 Rf5 40. Rgf1 b6 41.
Ra2 a5 42. Ra4 Raf8 43. Raa1 R5f7 44. Qe2 Ra8 45. Qd2 Qf5 46. Rfd1 Rfa7 47. Ra2
Qd7 48. Raa1 Kh7 49. Kg2 Re8 50. Kh2 Qf5 51. Qe2 Rae7 52. Re1 e4 53. dxe4 53...
Qe5 {...} 1-0

[Event "C.to Regionale Veneto"]
[Site "Arqua' Petrarca ITA"]
[Date "2002.05.??"]
[Round "5"]
[White "Pechy, Alaster"]
[Black "Navarro, Stefano"]
[Result "1/2-1/2"]
[WhiteElo "1840"]
[BlackElo "2148"]
[PlyCount "47"]
[EventDate "2002.05.04"]

1. d4 d5 2. c4 e6 3. Nc3 c6 4. Nf3 Nf6 5. e3 Nbd7 6. Bd2 Be7 7. Rc1 O-O 8. Bd3
dxc4 9. Bxc4 b5 10. Bd3 a6 11. Bb1 c5 12. O-O Bb7 13. Re1 Qb6 14. dxc5 Bxc5 15.
a3 Rfd8 16. b4 Bf8 17. Qe2 Bxf3 18. gxf3 Ne5 19. Ne4 Nxe4 20. Bxe4 Rac8 21.
Rxc8 Rxc8 22. Rc1 Rxc1+ 23. Bxc1 f5 24. Bb2 1/2-1/2

[Event "C.to Regionale Veneto"]
[Site "Arqua' Petrarca ITA"]
[Date "2002.05.??"]
[Round "5"]
[White "Rossato, Armando"]
[Black "Caruso, Augusto"]
[Result "1-0"]
[WhiteElo "2169"]
[BlackElo "2251"]
[PlyCount "71"]
[EventDate "2002.05.04"]

1. d4 Nf6 2. Nf3 g6 3. Nc3 c5 4. d5 d6 5. e4 Bg7 6. Be2 O-O 7. h4 b5 8. Bxb5
Qa5 9. Nd2 Nbd7 10. Be2 Ne5 11. f4 Neg4 12. Nc4 Qc7 13. O-O h5 14. Qe1 e6 15.
e5 Nxd5 16. Nb5 Qd8 17. Nbxd6 Nh6 18. Qg3 Ne7 19. Rd1 Qc7 20. Bd3 Ba6 21. Bd2
Rad8 22. Ba5 Qb8 23. Bxd8 Rxd8 24. b3 Nd5 25. Be4 Bxc4 26. bxc4 Nb6 27. Rab1
Bf8 28. Nxf7 Nxf7 29. Qxg6+ Bg7 30. Qxe6 Qc7 31. Bg6 Rf8 32. a4 Qc8 33. Rxb6
axb6 34. Rd7 Qa8 35. Bxf7+ Kh8 36. Qg6 1-0